000 02016cam a22005054i 4500
003 PE-LiUPU
005 20250731173547.0
008 150616s r 000 0 d
020 _a8481690295
035 _a(Sirsi) i9788481690293
040 _aPE-LiUPU
_bspa
_cPE-LiUPU
_erda
049 _aPRUA
082 0 4 _a226
_bI43
_221
245 0 3 _aLa Investigación de los Evangelios Sinópticos y Hechos de los Apóstoles en el Siglo XX /
_cEditado por Rafael Aguirre Monasterio y Antonio Rodríguez Carmona.
264 1 _aNavarra, España :
_bEditorial Verbo Divino,
_c1996.
300 _a397 páginas ;
_c24 centímetros
336 _atext
_2rdacontent
337 _aunmediated
_2rdamedia
338 _avolume
_2rdacarrier
490 0 _aIntroducción al Estudio de la Biblia. Instr. de Trab ;
_v1
504 _aBibliografía: al pie de páginas.
505 0 _aParte primera: Historia de la investigación Marquiana en el siglo XX.- Parte segunda: Historia de la investigación sobre el evangelio de Mateo.- Parte tercera: Historia de la exégesis Lucana.
526 _aSEG42
526 _aSEG41
526 _aSEG40
526 _aSEG39
526 _aP94
526 _aP87
526 _aP86
526 _aP85
526 _aP77
526 _aP76
526 _aP35
630 _aBiblia.
_pN.T.
_pEvangelios
_xCrítica, interpretación, etc.
630 _aBiblia.
_pN.T.
_pHechos
_xCrítica, interpretación, etc.
700 1 _aAguirre Monasterio, Rafael,
_eeditor.
700 1 _aRodríguez Carmona, Antonio,
_eeditor.
910 _ajck
_bjvq
_cjck
942 _2ddc
_cBOOK
949 _a226 I43
_wDEWEY
_c1
_i42882
_lCCODEBUL1
_mBUL
_r0
_sY
_tBOOK
_u2015-6-16
_xTEOLOGIA
_zUNKNOWN
_0COMPRA
_o.STAFF. Colección General
994 _aC0
_bPEPRU
596 _a1
999 _a226 I43
_wDEWEY
_c60849
_i42882
_f2021-11-9
_g5
_lCCODEBUL1
_mBUL
_r0
_sY
_tBOOK
_u2015-6-16
_xTEOLOGIA
_zUNKNOWN
_0COMPRA
_o.STAFF. Colección General
_d60849
980 _81
_gALBERTO SANCHEZ Responsable de Automatización